[Event "EuYCh B18"]
[Site "Peniscola ESP"]
[Date "2002.10.01"]
[Round "3"]
[White "Porat,S"]
[Black "Ekeberg,C"]
[Result "1-0"]
[WhiteElo "2369"]
[BlackElo "2213"]

1.d4 Nf6 2.c4 e6 3.g3 d5 4.Nf3 Be7 5.Bg2 O-O 6.O-O dxc4 7.Qc2 a6 8.Qxc4 b5
9.Qc2 Bb7 10.Bf4 Nd5 11.Nc3 Nxf4 12.gxf4 Nd7 13.Rfd1 Nf6 14.Rac1 Bd6 15.e3 Qe7
16.Ng5 Bxg2 17.Kxg2 h6 18.Nge4 c5 19.Nxf6+ gxf6 20.dxc5 Bxc5 21.Ne4 Qb7 22.Rd7 Qc6
23.f3  1-0

[Event "2nd Rohde Open"]
[Site "Sautron FRA"]
[Date "2002.10.02"]
[Round "8"]
[White "Andonov,B"]
[Black "Bedouin,X"]
[Result "1-0"]
[WhiteElo "2348"]
[BlackElo "2176"]

1.Nf3 Nf6 2.c4 e6 3.g3 d5 4.Bg2 Be7 5.d4 O-O 6.Qc2 c5 7.dxc5 dxc4 8.Qxc4 Qc7
9.b4 a5 10.Bf4 Qc6 11.bxa5 Nbd7 12.O-O Rxa5 13.Nfd2 Qxc5 14.Qxc5 Nxc5 15.Nc4 Ra6
16.Nc3 Rd8 17.Bc7 Rd4 18.Nb6 Bd7 19.Rfd1 Rxd1+ 20.Rxd1 Ra3 21.Be5 Bc6 22.Nc8 Kf8
23.Nxe7 Kxe7 24.Nb1 Ra5 25.Bc7 Rxa2 26.Bd6+ Ke8 27.Bxc5 Rxe2 28.Nd2 Bxg2
29.Kxg2 Nd5 30.Kf3 Re5 31.Bd4 Rf5+ 32.Kg2 g5 33.Ne4 Ke7 34.Bc5+ Kd7 35.Nd6 Rf6
36.Nxb7 Kc6 37.Rb1 g4 38.Bd4 Rf3 39.Na5+ Kd7 40.Rb7+ Kc8 41.Ra7 h5 42.h4 f5
43.Nc6  1-0

[Event "EuYCh G18"]
[Site "Peniscola ESP"]
[Date "2002.10.03"]
[Round "5"]
[White "Sharevich,A"]
[Black "Yakivchik,M"]
[Result "1/2-1/2"]
[WhiteElo "2145"]
[BlackElo "2257"]

1.d4 Nf6 2.c4 e6 3.Nf3 d5 4.g3 Be7 5.Bg2 O-O 6.O-O c6 7.Qc2 Nbd7 8.Nbd2 b6
9.e4 Bb7 10.b3 Rc8 11.Bb2 Qc7 12.Rad1 Rfd8 13.Rfe1 Qb8 14.Qb1 a5 15.a3 Qa8
16.e5 Ne8 17.cxd5 cxd5 18.Nf1 Nc7 19.Ne3 Nb5 20.Qa1  1/2-1/2

[Event "Autumn III"]
[Site "Alushta UKR"]
[Date "2002.10.06"]
[Round "12"]
[White "Arbakov,V"]
[Black "Kaiumov,D"]
[Result "0-1"]
[WhiteElo "2445"]
[BlackElo "2460"]

1.c4 Nf6 2.d4 e6 3.g3 d5 4.Nf3 Be7 5.Bg2 O-O 6.O-O c6 7.Qc2 Nbd7 8.Nbd2 b6
9.e4 Bb7 10.e5 Ne8 11.cxd5 cxd5 12.Qa4 a6 13.Qb3 Rc8  0-1

[Event "FSGM Oct"]
[Site "Budapest HUN"]
[Date "2002.10.08"]
[Round "4"]
[White "Horvath,Cs"]
[Black "Suarez,Da"]
[Result "1-0"]
[WhiteElo "2506"]
[BlackElo "2240"]

1.d4 Nf6 2.Nf3 e6 3.g3 d5 4.Bg2 Be7 5.c4 O-O 6.O-O dxc4 7.Qc2 a6 8.Qxc4 b5
9.Qc2 Bb7 10.Bd2 Nc6 11.e3 Nb4 12.Bxb4 Bxb4 13.a3 Be4 14.Qe2 Ba5 15.b4 Bb6
16.Nbd2 Bb7 17.Rfc1 Qe8 18.Ne5 Bxg2 19.Kxg2 Nd7 20.Ndf3 f6 21.Nc6 Nb8 22.Nxb8 Rxb8
23.a4 bxa4 24.Qxa6 Ra8 25.Qc4 Qd7 26.Ra3 Ra7 27.b5 Rfa8 28.Rb1 Kf7 29.Rb4 Qd6
30.Nd2 h5 31.Ne4 Qd7 32.Nc3 h4 33.g4 Qd6 34.h3 g5 35.Rbxa4 Rxa4 36.Rxa4 Rxa4
37.Nxa4 Ke7 38.Nc5 Qd5+ 39.Qxd5 exd5 40.f4 gxf4 41.exf4 Ba5 42.Kf3 Bc3 43.Ke3 f5
44.g5 Bb2 45.Nd3 Bc3 46.Ne5 Be1 47.Ke2 Bg3 48.Nd3 Bh2 49.Kf3 Bg1 50.Nf2 Bh2
51.Nd3 Bg1 52.Nb4 Ke6 53.Nc2 Bh2 54.Ne3 Bg1 55.g6 Kf6 56.Nxd5+ Kxg6 57.Nxc7 Bxd4
58.Nd5 Kf7 59.b6 Ke6 60.b7 Ba7 61.Nc7+ Kd7 62.Na6  1-0

[Event "ch-ESP Open"]
[Site "Ayamonte ESP"]
[Date "2002.10.09"]
[Round "6"]
[White "Lopez Martinez,J"]
[Black "Munoz Moreno,F"]
[Result "1-0"]
[WhiteElo "2437"]
[BlackElo "2280"]

1.d4 Nf6 2.c4 e6 3.Nf3 d5 4.g3 Be7 5.Bg2 O-O 6.O-O Nbd7 7.Nc3 c6 8.b3 b6
9.Qc2 Bb7 10.Rd1 Rc8 11.e4 dxe4 12.Ng5 h6 13.Ngxe4 Nxe4 14.Nxe4 Nf6 15.Bf4 Nxe4
16.Qxe4 Bf6 17.Rac1 Qd7 18.Rd3 Rfd8 19.Rcd1 Qe7 20.h4 Rd7 21.c5 bxc5 22.dxc5 Rxd3
23.Rxd3 Qxc5 24.Rd7 Ba6 25.Be3 Qa5 26.Rxa7 Qe1+ 27.Kh2 Bf1 28.Bf3 Qc3 29.Bh5 Rf8
30.Bxf7+  1-0

[Event "TCh-AUT B"]
[Site "Mitte AUT"]
[Date "2002.10.11"]
[Round "9"]
[White "Zaja,I"]
[Black "Heimberger,R"]
[Result "1-0"]
[WhiteElo "2433"]
[BlackElo "2312"]

1.d4 d5 2.c4 e6 3.Nf3 Nf6 4.g3 Be7 5.Bg2 O-O 6.O-O Nbd7 7.Qc2 c6 8.Nbd2 b6
9.e4 dxe4 10.Nxe4 Nxe4 11.Qxe4 Bb7 12.Rd1 Qc7 13.Bf4 Bd6 14.Bxd6 Qxd6 15.c5 Qc7
16.Rac1 b5 17.Ne5 Nf6 18.Qh4 Rad8 19.g4 Nd5 20.Be4 f5 21.Bc2 Rde8 22.Re1 a5
23.gxf5 exf5 24.Bb3 Bc8 25.Bxd5+ cxd5 26.f4 Rf6 27.Qh5 Rd8 28.c6 Be6 29.Rc5 b4
30.Qe2 Rh6 31.Kh1 Rc8 32.Rb5 Qd8 33.Qg2 Qh4 34.Rg1 g6 35.Qg3 Qd8 36.Rb7 Kf8
37.Re1 Qh4 38.Kg2 g5 39.fxg5 Rh5 40.Qxh4 Rxh4 41.g6 h5 42.Nd7+ Bxd7 43.cxd7 Rg4+
44.Kf3 Rd8 45.Rc7  1-0

[Event "TCh-SWE"]
[Site "Helsingborg SWE"]
[Date "2002.10.12"]
[Round "2"]
[White "Burwick,M"]
[Black "Friberg,H"]
[Result "0-1"]
[WhiteElo "2239"]
[BlackElo "2243"]

1.c4 e6 2.g3 d5 3.Bg2 Nf6 4.Nf3 Be7 5.d4 O-O 6.Qc2 c5 7.O-O cxd4 8.Nxd4 Nc6
9.Nxc6 bxc6 10.Rd1 Ba6 11.cxd5 cxd5 12.Nc3 Qa5 13.Bd2 Rac8 14.Be1 Qb6 15.e3 Rc7
16.a3 Rfc8 17.b4 Ne4 18.Bxe4 dxe4 19.Rac1 Bd3 20.Qb3 Bf6 21.Na4 Rxc1 22.Nxb6 axb6
23.Bd2 Rxd1+ 24.Qxd1 b5 25.Bc1 Rc2 26.f3 h6 27.fxe4 Bxe4 28.Bd2 Ra2 29.Qg4 Bf5
30.Qe2 Bc3 31.e4 Rxd2 32.Qxb5 Bh3 33.Qh5 Bd4+  0-1

[Event "FIDE World Cup Gp D"]
[Site "Hyderabad IND"]
[Date "2002.10.12"]
[Round "3"]
[White "Harikrishna,P"]
[Black "Short,N"]
[Result "0-1"]
[WhiteElo "2551"]
[BlackElo "2684"]

1.d4 Nf6 2.c4 e6 3.Nf3 d5 4.g3 Be7 5.Bg2 O-O 6.O-O dxc4 7.Qc2 a6 8.Qxc4 b5
9.Qc2 Bb7 10.Bd2 Ra7 11.Rd1 Qc8 12.Bg5 c5 13.dxc5 Bxc5 14.Rc1 Ne4 15.Be3 Bxe3
16.fxe3 Nd7 17.Qxc8 Rxc8 18.Nbd2 Raa8 19.Ng5 Nec5 20.Rc2 h6 21.Rac1 Bxg2
22.Kxg2 hxg5 23.Ne4 Nxe4 24.Rxc8+ Rxc8 25.Rxc8+ Kh7 26.Ra8 Ndc5 27.b4 Na4
28.Rxa6 Nec3 29.Ra5 g4 30.h3 gxh3+ 31.Kxh3 Kg6 32.Kg4 f5+ 33.Kf3 Kf6 34.a3 g5
35.g4 Nb2 36.Ra8 Nc4 37.gxf5 exf5 38.Rf8+ Ke6 39.Rc8 g4+ 40.Kg3 Nxe2+ 41.Kh4 Kd7
42.Rc5 g3 43.Kh3 Nxe3  0-1

[Event "FSGM Oct"]
[Site "Budapest HUN"]
[Date "2002.10.15"]
[Round "11"]
[White "Fogarasi,T"]
[Black "Suarez Pousa,D"]
[Result "1/2-1/2"]
[WhiteElo "2466"]
[BlackElo "2406"]

1.d4 Nf6 2.Nf3 e6 3.g3 d5 4.Bg2 Be7 5.c4 O-O 6.O-O dxc4 7.Qc2 a6 8.Qxc4 b5
9.Qc2 Bb7 10.Bd2 Nc6 11.e3 Nb4 12.Bxb4 Bxb4 13.a3 Ba5 14.b4 Bb6 15.Nbd2 a5
16.Ne5 Bxg2 17.Kxg2 axb4 18.axb4 Qd5+ 19.Kg1 Rxa1 20.Rxa1 Ra8 21.Rxa8+ Qxa8
22.Nc6 Qa4 23.Qxa4 bxa4 24.Nc4 Kf8 25.Kf1 h5 26.Ke2 g5 27.h3 Ne4 28.g4 hxg4
29.hxg4 f5 30.f3 Nf6 31.N6e5 Nd5 32.Nc6 Nf6 33.N6e5 f4 34.Nc6 fxe3 35.Kxe3 Nd5+
36.Kd3 Kf7 37.Na3 Ne7 38.Nxe7 Kxe7 39.Kc4 Kd6 40.Nb5+ Kc6 41.Na3 Kd6 42.Nb5+ Kc6
43.Na3 Kd6  1/2-1/2

[Event "1st It"]
[Site "Klaksvik FAI"]
[Date "2002.10.16"]
[Round "9"]
[White "Nilssen,J"]
[Black "Sloth,J"]
[Result "0-1"]
[WhiteElo "2385"]
[BlackElo "2340"]

1.d4 e6 2.g3 Nf6 3.c4 d5 4.Nf3 Be7 5.Bg2 O-O 6.O-O Nbd7 7.cxd5 exd5 8.Nc3 c6
9.Bf4 Re8 10.Rc1 Nf8 11.Ne5 Ng6 12.a3 Bf5 13.e3 Bd6 14.Nxg6 Bxg6 15.Bh3 Ne4
16.Na4 Bxf4 17.gxf4 Nd6 18.Nc5 Qh4 19.Qf3 Re7 20.b3 Bf5 21.Bxf5 Nxf5 22.Kh1 Rae8
23.Rg1 Qf6 24.Qg4 g6 25.Nd3 Nd6 26.Ne5 Kg7 27.a4 Qf5 28.Qxf5 Nxf5 29.Rc2 f6
30.Nf3 Kf7 31.Nd2 Nd6 32.Nb1 a5 33.Kg2 Ra8 34.Kf3 Ra6 35.Rgc1 Rb6 36.Rc3 Ne4
37.Rd3 Ke6 38.Ke2 Kd7 39.f3 Nd6 40.Nd2 Rb4 41.Kf2 Re8 42.Rdc3 Rc8 43.Ke2 b6
44.Kd3 Nf5 45.Nb1 Re8 46.Kd2 Nxd4 47.exd4 Rxd4+ 48.Rd3 Rxf4 49.Re1 Re5 50.Rde3 Kd6
51.Na3 Rd4+ 52.Kc3 Rh4 53.Nc2 Rxh2 54.Nd4 Rh4 55.Kd3 Rf4 56.Rg1 Rh4 57.Rc1 Rxe3+
58.Kxe3 c5 59.Nc2 g5 60.Rg1 h5 61.Rd1 Rh2 62.Na3 Ke5 63.Nb1 d4+ 64.Kd3 Kf4
65.Nd2 Rf2 66.Re1 f5 67.Rh1 h4 68.Rh3 Rg2 69.Nf1 g4 70.fxg4 Kxg4 71.Rh1 h3
72.Nd2 h2 73.Nf1 Kh3 74.Nxh2 Rxh2 75.Rf1 Rb2 76.Kc4 Kg4 77.Rg1+ Kf3 78.Rg6 Rc2+  0-1

[Event "V Autumn"]
[Site "Alushta UKR"]
[Date "2002.10.20"]
[Round "8"]
[White "Shtyrenkov,V"]
[Black "Kayumov,S"]
[Result "0-1"]
[WhiteElo "2441"]
[BlackElo "2330"]

1.d4 d5 2.c4 e6 3.Nf3 Nf6 4.g3 Be7 5.Bg2 O-O 6.O-O c6 7.Qc2 Nbd7 8.Nbd2 b6
9.e4 Bb7 10.Rd1 Rc8 11.b3 c5 12.exd5 exd5 13.Bb2 dxc4 14.bxc4 cxd4 15.Nxd4 Bxg2
16.Kxg2 Qc7 17.Nf5 Rfe8 18.Qc3 Bf8 19.Kg1 Qb7 20.Rac1 Re2 21.Re1 Rce8 22.Rxe2 Rxe2
23.Qd3 Re6 24.Nb3 Qe4 25.Qxe4 Rxe4 26.Ne3 Re8 27.Kf1 Ne4 28.Bd4 f6 29.Ke2 Kf7
30.Rc2 Bb4 31.Kd3 Ndc5+ 32.Ke2 Ne6 33.Bb2 N6c5 34.Nxc5 Bxc5 35.Bc1 h5 36.h4 g5
37.Kf3 Kg6 38.Nd5 Nd6 39.hxg5 fxg5 40.Kg2 Re4 41.Be3 Rxc4 42.Rxc4 Nxc4 43.Bxc5 bxc5
44.Ne7+ Kf6 45.Nc6 a5 46.Kf1 Ke6 47.Ke2 Kd7  0-1

[Event "Blue Autumn"]
[Site "Bucharest ROM"]
[Date "2002.10.25"]
[Round "3"]
[White "Mateuta,G"]
[Black "Anghel,V"]
[Result "1-0"]
[WhiteElo "2390"]
[BlackElo "2410"]

1.d4 Nf6 2.c4 e6 3.g3 d5 4.Nf3 Be7 5.Bg2 O-O 6.O-O dxc4 7.Qc2 a6 8.a4 Bd7
9.Bg5 Bc6 10.Bxf6 Bxf6 11.Rd1 a5 12.Qxc4 Bxf3 13.Bxf3 c6 14.Nc3 Nd7 15.e4 Qb6
16.e5 Be7 17.Qe2 Qb4 18.Be4 Rfd8 19.Qc2 g6 20.Ra3 Qb6 21.Rb3 Qa7 22.h4 Nb8
23.h5 Kg7 24.hxg6 hxg6 25.Ne2 Na6 26.Bxg6 Nb4 27.Qb1 Nd5 28.Be4 Rh8 29.Kg2 Rh6
30.Rh1 Rah8 31.Rxh6 Rxh6 32.Qd3 b6 33.Bxd5 exd5 34.Qf5 Qc7 35.Rf3 Bf8 36.Nf4 Qe7
37.g4 c5 38.g5 Rh8 39.e6 Rh4  1-0

[Event "10th Chigorin Mem"]
[Site "St Petersburg RUS"]
[Date "2002.10.25"]
[Round "1"]
[White "Orlinkov,M"]
[Black "Tunik,G"]
[Result "0-1"]
[WhiteElo "2399"]
[BlackElo "2503"]

1.d4 Nf6 2.c4 e6 3.g3 d5 4.Bg2 Be7 5.Nf3 O-O 6.O-O dxc4 7.Qc2 a6 8.Qxc4 b5
9.Qc2 Bb7 10.Bg5 Nbd7 11.Nbd2 Rc8 12.Bxf6 Nxf6 13.Nb3 c5 14.dxc5 Be4 15.Qc1 Qc7
16.Qf4 Qxf4 17.gxf4 Bxc5 18.Ne5 Bd6 19.Bxe4 Nxe4 20.Rfc1 g5 21.f3 Nf6 22.Nc6 gxf4
23.a4 b4 24.Rc4 Nd5 25.Rac1 Rc7 26.Ncd4 Rfc8 27.Rxc7 Rxc7 28.Nc6 Nb6 29.Nd8 Rxc1+
30.Nxc1 Nxa4 31.Nd3 a5 32.Nc6 Bc7 33.Kf1 Kf8 34.Ke1 Ke8 35.Kd2 f6 36.Kc2 Kd7
37.Nd4 Bb6 38.Nb3 e5 39.Nd2 Bc7 40.Kb3 Nb6 41.Nc4 Nxc4 42.Kxc4 Kc6 43.Nf2 f5
44.Nd3 Kd6 45.b3 Bd8 46.Nc5 Bb6 47.Nd3 Bg1 48.h3 Bb6 49.Kb5 Bd8 50.Kc4 h5
51.Nc5 Bb6 52.Nd3 Be3 53.Ne1 e4 54.Kb5 Bf2 55.Nc2 Ke5 56.Kxa5 Kf6 57.Nxb4 Kg5
58.Nd5 exf3 59.exf3 Kh4 60.Nxf4 Bg3 61.Ne6 Be5 62.f4 Bb8 63.Kb6 Kxh3 64.Kb7 Bd6
65.Kc6 Ba3 66.Kd5 h4 67.Nd4 Kg4 68.Ke6 h3 69.Ne2 h2  0-1

[Event "10th Chigorin Mem B"]
[Site "St Petersburg RUS"]
[Date "2002.10.28"]
[Round "4"]
[White "Chistjakova,E"]
[Black "Rjabzev,K"]
[Result "0-1"]
[WhiteElo "2083"]
[BlackElo "2271"]

1.c4 e6 2.Nf3 Nf6 3.d4 d5 4.g3 Be7 5.Bg2 O-O 6.cxd5 exd5 7.O-O Bf5 8.Nc3 c6
9.Ne5 Nbd7 10.Nxd7 Qxd7 11.a3 a5 12.Na4 Qe6 13.Nc5 Bxc5 14.dxc5 Rfe8 15.Bf3 Bg4
16.Be3 Nd7 17.Bd4 Bxf3 18.exf3 b5 19.cxb6 c5 20.b7 Rab8 21.Bc3 d4 22.Bxa5 Qa6
23.b4 Qxb7 24.bxc5 Nxc5 25.Bb4 Ne6 26.Bd2 Qd5 27.f4 h6 28.Re1 d3 29.Re5 Qd6
30.Bb4 Qd4 31.Rc1 Rec8 32.Qd2 Ng5 33.Re3 Rxc1+ 34.Qxc1 Ne4 35.Bd2 Kh7 36.f5 Rb5
37.Qe1 Ng5 38.Kg2 Rxf5 39.h4 Qd5+  0-1

[Event "10th Chigorin Mem B"]
[Site "St Petersburg RUS"]
[Date "2002.10.29"]
[Round "5"]
[White "Gordenko,D"]
[Black "Golovchenko,G"]
[Result "1-0"]
[WhiteElo "2364"]
[BlackElo "2269"]

1.d4 Nf6 2.c4 e6 3.g3 d5 4.Nf3 Be7 5.Bg2 Nbd7 6.O-O c6 7.Qc2 O-O 8.Nbd2 b5
9.c5 a5 10.e4 dxe4 11.Nxe4 b4 12.Nxf6+ Bxf6 13.Rd1 Bb7 14.a3 bxa3 15.Rxa3 Qc8
16.Bf4 Re8 17.Bh3 Be7 18.Rda1 h6 19.Be5 Nxe5 20.Nxe5 Bd8 21.Bg2 f6 22.Nc4 Qd7
23.Nd6 Re7 24.b4 e5 25.b5 Rc8 26.Nxc8 Bxc8 27.Bxc6 Qxd4 28.Rd1  1-0

[Event "Olympiad w"]
[Site "Bled SLO"]
[Date "2002.10.30"]
[Round "5"]
[White "Zhao Xue"]
[Black "Donaldson A.,E"]
[Result "1-0"]
[WhiteElo "2367"]
[BlackElo "2375"]

1.d4 Nf6 2.c4 e6 3.g3 d5 4.Nf3 Be7 5.Bg2 c6 6.Qc2 O-O 7.O-O Ne4 8.b3 f5 9.Ba3 Bxa3
10.Nxa3 Nd7 11.Rac1 Qe7 12.Qb2 a5 13.Nc2 g5 14.Nce1 h5 15.Nd3 h4 16.gxh4 gxh4
17.Nfe5 Kh7 18.e3 Nxe5 19.dxe5 Rg8 20.Kh1 Bd7 21.Qe2 Be8 22.f3 Ng5 23.Rg1 Bg6
24.f4 Ne4 25.Bxe4 fxe4 26.Nf2 Raf8 27.Nh3 Rf5 28.Qg4 Bf7 29.Ng5+ Rgxg5 30.fxg5 Bg6
31.Rcf1 Qf7 32.Qxh4+ Kg8 33.Rxf5 Qxf5 34.Qg3 Bh5 35.Rc1 Kg7 36.Kg1 Kg6 37.cxd5 exd5
38.h4 Bf3 39.Kf2 Bh5+ 40.Ke1 Bf3 41.Kd2 Qf8 42.Qf4 Qb4+ 43.Kc2 d4 44.exd4 Qxd4
45.e6 Qd3+ 46.Kb2 Qd4+ 47.Rc3 Qf2+ 48.Ka3 b5 49.Qf7+  1-0

[Event "Olympiad w"]
[Site "Bled SLO"]
[Date "2002.10.31"]
[Round "6"]
[White "Mira,H"]
[Black "Koskela,N"]
[Result "1/2-1/2"]
[WhiteElo "2129"]
[BlackElo "2271"]

1.Nf3 Nf6 2.c4 e6 3.g3 d5 4.Bg2 Be7 5.d4 O-O 6.Qc2 dxc4 7.Qxc4 a6 8.O-O b5
9.Qc2 Bb7 10.Bf4 Nc6 11.Nc3 Nb4 12.Qb1 Nbd5 13.Nxd5 Bxd5 14.Qd3 c5 15.dxc5 Bxc5
16.Ne5 Bxg2 17.Kxg2 Qd5+ 18.Qxd5 Nxd5 19.Nd3 Nxf4+ 20.Nxf4 Bd4 21.Nd3 Rfc8
22.Rac1 Kf8 23.h4 Ke8 24.e3 Bf6 25.h5 h6 26.Rfd1 a5 27.f4 Rc4 28.b3 Rc3 29.e4 Rac8
30.Rxc3 Bxc3 31.Kf3 b4 32.g4 Rb8 33.Nc5 Rb5 34.Na4 e5 35.fxe5 Ke7 36.Rc1 Bd4
37.Rc4 Bxe5 38.Rc6 Bd4 39.Rc4 Bg1 40.Rc6 Bd4 41.Rc4 Bf6 42.Rc6 Kd7 43.Rc5 Rxc5
44.Nxc5+ Kc6 45.Nd3 Bd4 46.Kf4 Bc3 47.Kf5 Bf6 48.e5 Bg5 49.e6 fxe6+ 50.Kxe6 Bf6
51.Ne5+ Kb5 52.Nd7 Bc3 53.Kd5 a4 54.Nc5 axb3 55.axb3 Kb6 56.Nd3 Kb5 57.Ke4  1/2-1/2

[Event "Olympiad"]
[Site "Bled SLO"]
[Date "2002.10.31"]
[Round "6"]
[White "Bischoff,K"]
[Black "Sammalvuo,T"]
[Result "1/2-1/2"]
[WhiteElo "2554"]
[BlackElo "2437"]

1.d4 Nf6 2.c4 e6 3.g3 d5 4.Nf3 Be7 5.Bg2 O-O 6.Qc2 c5 7.dxc5 Qa5+ 8.Qc3 Qxc5
9.cxd5 Nxd5 10.Qxc5 Bxc5 11.O-O Nc6 12.Bd2 Rd8 13.Nc3 Nxc3 14.Bxc3 f6 15.Rfc1 Be7
16.a3 e5 17.b4 a6 18.Nd2 Be6 19.e3 Bd5 20.Bh3 g6 21.Rc2 Kf7 22.Rac1 e4 23.Bb2 h5
24.Nc4 Bxc4 25.Rxc4 f5 26.Bf1 Bf6 27.Bxf6 Kxf6 28.R4c2 Rd6  1/2-1/2

[Event "Olympiad w"]
[Site "Bled SLO"]
[Date "2002.11.02"]
[Round "8"]
[White "Berezina,I"]
[Black "Bojkovic,N"]
[Result "0-1"]
[WhiteElo "2264"]
[BlackElo "2424"]

1.d4 Nf6 2.c4 e6 3.g3 d5 4.Bg2 Be7 5.Nf3 O-O 6.O-O dxc4 7.Qc2 a6 8.Qxc4 b5
9.Qc2 Bb7 10.Bg5 Nbd7 11.Bxf6 Nxf6 12.Nbd2 Rc8 13.Nb3 Be4 14.Qc1 c5 15.dxc5 a5
16.a4 Bd5 17.Rd1 bxa4 18.Rxa4 Qe8 19.Ra3 a4 20.Nbd4 Bxc5 21.Rc3 Ne4 22.Rc2 Bb3
23.Nxb3 axb3 24.Rxc5 Nxc5 25.Qe3 Qa4 26.Ne5 Qb5 27.Ra1 Rc7 28.h4 Nd7 29.Nd3 Rc2
30.Ra3 Nf6 31.Bf3 Rfc8 32.Kg2 h6 33.Qd4 R2c4 34.Qa7 Qb8 35.Qa5 Kh7 36.Qa6 Nd5
37.Qa5 Qb7 38.Ne5 Rc2 39.Nd3 Rxe2 40.Kh2 Rec2 41.Qa4 Rb8 42.Qd4 Qb6 43.Qe4+ Kg8
44.Bg2 Qc7 45.Qf3 Rc4 46.Kg1 Rc2 47.Ra4 Nf6 48.Rf4 e5 49.Rxf6 gxf6 50.Qxf6 Rb6
51.Qf5 Re6 52.Bd5 Qb6 53.Be4 Kf8 54.Qf3 Rf6 55.Bf5 Qc6 56.Qg4 Qd6 57.Be4 Qd4
58.Bf5 Qxg4 59.Bxg4 e4 60.Ne5 Rfxf2  0-1

[Event "FSGM Nov"]
[Site "Budapest HUN"]
[Date "2002.11.03"]
[Round "2"]
[White "Horvath,P1"]
[Black "Balogh,C"]
[Result "1/2-1/2"]
[WhiteElo "2482"]
[BlackElo "2432"]

1.d4 Nf6 2.c4 e6 3.g3 d5 4.Bg2 Be7 5.Nf3 O-O 6.O-O dxc4 7.Qc2 a6 8.Qxc4 b5
9.Qc2 Bb7 10.Bd2 Ra7 11.Rd1 Qc8 12.b4 Nc6 13.Qb2 a5 14.bxa5 b4 15.a3 Rxa5
16.axb4  1/2-1/2

[Event "Olympiad"]
[Site "Bled SLO"]
[Date "2002.11.05"]
[Round "10"]
[White "Huzman,A"]
[Black "Bauer,Ch"]
[Result "1/2-1/2"]
[WhiteElo "2595"]
[BlackElo "2562"]

1.d4 d5 2.Nf3 Nf6 3.c4 e6 4.g3 Be7 5.Bg2 O-O 6.O-O dxc4 7.Qc2 a6 8.Qxc4 b5
9.Qc2 Bb7 10.Bd2 Be4 11.Qc1 b4 12.Bg5 Nbd7 13.Nbd2 Bd5 14.Nb3 Rc8 15.Rd1 c5
16.dxc5 Nxc5 17.Nxc5 Rxc5 18.Qe3 Qc7  1/2-1/2

[Event "Olympiad"]
[Site "Bled SLO"]
[Date "2002.11.07"]
[Round "12"]
[White "Haba,P"]
[Black "Palo,D"]
[Result "1/2-1/2"]
[WhiteElo "2534"]
[BlackElo "2489"]

1.d4 Nf6 2.c4 e6 3.g3 d5 4.Bg2 Be7 5.Nf3 O-O 6.O-O dxc4 7.Qc2 a6 8.Qxc4 b5
9.Qc2 Bb7 10.Bd2 Be4 11.Qc1 Bb7 12.Bf4 Nd5 13.Nc3 Nxf4 14.Qxf4 Nd7 15.Rfd1 Bd6
16.Qe3 Qe7 17.Ne5 Bxg2 18.Nxd7 Qxd7 19.Kxg2 Rae8 20.Rac1 f5 21.f4 Re7 22.Qf3 b4
23.Nb1 Qa4 24.Nd2 Qxa2 25.Nc4 Qa4 26.Ra1 Qb5 27.b3 Qd5 28.Ra5 Qxf3+ 29.Kxf3 Ra8
30.Rda1 Rd7 31.Rxa6 Rxa6 32.Rxa6 Rd8 33.e3 Kf8 34.Ke2 Ke7 35.Kd3 h6 36.Ra7 g5
37.Nxd6 Kxd6 38.Kc4 gxf4 39.gxf4 Rg8 40.Ra6+ c6 41.Kxb4 Rg2 42.Kc3 Re2 43.Kd3 Rb2
44.Kc3 Re2 45.Kd3 Rxh2 46.b4 Rb2 47.Kc3 Rb1 48.Ra8 Rc1+ 49.Kd3 h5 50.Rd8+ Kc7
51.Re8 Kd6 52.Rd8+ Kc7 53.Re8 Kd7 54.Rh8 Rh1 55.Ke2 h4 56.Kf2 Rh2+ 57.Kf3 Rh3+
58.Kf2 Rh2+ 59.Kf3 h3 60.Kg3 Rg2+ 61.Kf3 Rh2 62.Kg3 Rg2+ 63.Kf3 Rh2  1/2-1/2

[Event "Olympiad w"]
[Site "Bled SLO"]
[Date "2002.11.08"]
[Round "13"]
[White "Jiretorn,E"]
[Black "Calle,M"]
[Result "1-0"]
[WhiteElo "2109"]
[BlackElo "2091"]

1.d4 d5 2.c4 e6 3.Nf3 Be7 4.g3 Nf6 5.Bg2 O-O 6.O-O dxc4 7.Qc2 c5 8.Qxc4 cxd4
9.Nxd4 Qb6 10.Nc3 e5 11.Ndb5 Nc6 12.Be3 Qa6 13.Qa4 Qxa4 14.Nxa4 Bg4 15.Nac3 Rfc8
16.h3 Be6 17.Rfd1 a6 18.Nd6 Bxd6 19.Rxd6 Ne8 20.Rd2 Rd8 21.Rad1 Rxd2 22.Rxd2 Na5
23.b3 Rc8 24.Na4 g6 25.Bb6 Nc6 26.Nc5 Ng7 27.Nxb7 Nf5 28.Nc5 Nb4 29.a3 Nc6
30.b4 Bc4 31.e3 Nfe7 32.Rc2 Bb5 33.Rb2 Rb8 34.Bc7 Rc8 35.Bd6 Rd8 36.Bxe7 Rd1+
37.Kh2 Nxe7 38.Bf3 Ra1 39.Rb3 f5 40.Bb7 e4 41.Bxa6 Bxa6 42.Nxa6 Nc6 43.g4 Ra2
44.Kg3 Kf7 45.gxf5 gxf5 46.b5 Ne5 47.b6 Kg6 48.b7 Ra1 49.Kf4 Nd3+ 50.Rxd3 exd3
51.b8=Q d2 52.Qd6+  1-0

[Event "Olympiad"]
[Site "Bled SLO"]
[Date "2002.11.08"]
[Round "13"]
[White "Asabri,Hu"]
[Black "Barrios,R"]
[Result "1-0"]
[WhiteElo "2326"]
[BlackElo "2268"]

1.d4 Nf6 2.Nf3 d5 3.c4 e6 4.g3 Be7 5.Bg2 O-O 6.O-O dxc4 7.Qc2 a6 8.a4 Nc6
9.Qxc4 Qd5 10.Qd3 Nb4 11.Qd1 Qd8 12.Nc3 Nbd5 13.Ne5 Nxc3 14.bxc3 Nd7 15.Nc4 Rb8
16.Bf4 Bg5 17.Qd2 Bxf4 18.Qxf4 b6 19.Rfd1 Bb7 20.e4 Nf6 21.d5 Qe7 22.Ne3 Rfd8
23.c4 Ne8 24.e5 a5 25.h4 h5 26.Kh2 Ba8 27.Bh3 g6 28.Bg2 Ng7 29.Be4 Nf5 30.Bxf5 gxf5
31.Qh6 f4 32.Qxf4 Kg7 33.Kh3 Bb7 34.g4 exd5 35.Nf5+  1-0

[Event "FSGM Nov"]
[Site "Budapest HUN"]
[Date "2002.11.08"]
[Round "7"]
[White "Horvath,Cs"]
[Black "Horvath,P1"]
[Result "1-0"]
[WhiteElo "2506"]
[BlackElo "2482"]

1.c4 e6 2.g3 d5 3.Bg2 Nf6 4.Nf3 Be7 5.d4 O-O 6.O-O dxc4 7.Ne5 Nc6 8.Nxc6 bxc6
9.e3 Nd5 10.Qa4 Nb6 11.Qc2 Rb8 12.Rd1 Qe8 13.Nd2 c5 14.dxc5 Bxc5 15.Nxc4 Nxc4
16.Qxc4 Qb5 17.Qc2 Bb7 18.Bxb7 Rxb7 19.Bd2 Bd6 20.Bc3 Qh5 21.Kg2 Rb5 22.Rd4 Rf5
23.Qd1 Rxf2+ 24.Kxf2 Qxh2+ 25.Kf1 Qh1+ 26.Ke2 Qg2+ 27.Kd3 e5 28.Rxd6 cxd6
29.Qh1 Qxg3 30.Rg1 Qf2 31.Qg2 Qf6 32.Qg5 Qxg5 33.Rxg5 f6 34.Rg4 d5 35.Ra4 Rf7
36.Bb4 Rb7 37.b3 h5 38.Bc5 Rc7 39.b4 h4 40.Ke2 d4 41.exd4 exd4 42.Rxa7 d3+
43.Kf3 d2 44.Ra8+  1-0

[Event "14th Open"]
[Site "Leuven BEL"]
[Date "2002.11.08"]
[Round "1"]
[White "Houdart,D"]
[Black "Zigura,O"]
[Result "1/2-1/2"]
[WhiteElo "2086"]
[BlackElo "2401"]

1.Nf3 d5 2.d4 Nf6 3.c4 e6 4.g3 Be7 5.Bg2 O-O 6.O-O dxc4 7.Qc2 a6 8.a4 Nc6
9.Rd1 Nb4 10.Qxc4 b5 11.Qb3 Bb7 12.Nc3 Nbd5 13.axb5 Nxc3 14.bxc3 axb5 15.Rxa8 Qxa8
16.Qxb5 Bd5 17.Bf4 Rb8 18.Qd3 Qa2 19.Ne5 Rb2 20.Bxd5 exd5 21.Re1 Ne4 22.f3 Nd6
23.Nc6 Bf8 24.Bxd6 Bxd6 25.Qf5 g6 26.Qg5 Rxe2 27.Rxe2 Qxe2 28.Qxd5 Qe1+ 29.Kg2 Qe2+
30.Kg1 h5 31.Ne5 Qd1+ 32.Kg2 Qd2+ 33.Kg1 Bxe5 34.Qxe5 Qxc3 35.Qe8+ Kg7 36.Qe5+ Kh7
37.Qe4 Qc4 38.Kg2 c6 39.Kf2 Qa2+ 40.Kg1 Qa1+ 41.Kg2 Qb2+ 42.Kg1 Qb5 43.Kg2 Kg7
44.h4 Kf8 45.f4 Qb2+ 46.Kg1 Qc1+ 47.Kg2 Qc4 48.Qe5 Qd5+ 49.Qxd5 cxd5 50.Kf3 Ke7
51.f5 gxf5 52.Ke3 Ke6 53.Kf3 Ke7  1/2-1/2

[Event "WYb18"]
[Site "Heraklio GRE"]
[Date "2002.11.17"]
[Round "3"]
[White "Flumbort,A"]
[Black "Laznicka,V"]
[Result "1-0"]
[WhiteElo "2446"]
[BlackElo "2319"]

1.Nf3 Nf6 2.c4 e6 3.g3 d5 4.d4 Be7 5.Bg2 O-O 6.O-O Nbd7 7.Qc2 c6 8.Rd1 b6
9.b3 Bb7 10.Nc3 Rc8 11.e4 Nxe4 12.Nxe4 dxe4 13.Qxe4 Qc7 14.Bf4 Bd6 15.Bxd6 Qxd6
16.c5 Qb8 17.b4 Nf6 18.Qe1 Rfd8 19.a4 Nd5 20.Ne5 bxc5 21.dxc5 a5 22.bxa5 Qa7
23.Rdb1 Ba6 24.Rb6 Nxb6 25.axb6 Qb7 26.Qa5 Be2 27.Qa7 Qxa7 28.bxa7 Kf8 29.Nxc6 Rd7
30.Rb1 f6 31.Rb8 Rd1+ 32.Bf1 Bxf1 33.Rxc8+ Kf7 34.Rc7+ Kg6 35.f4  1-0

[Event "Bundesliga 2002-3"]
[Site "Tegernsee GER"]
[Date "2002.11.17"]
[Round "4"]
[White "Prusikhin,M"]
[Black "Lutz,C"]
[Result "1/2-1/2"]
[WhiteElo "2504"]
[BlackElo "2645"]

1.d4 Nf6 2.c4 e6 3.g3 d5 4.Nf3 Be7 5.Bg2 O-O 6.O-O dxc4 7.Qc2 a6 8.Qxc4 b5
9.Qc2 Bb7 10.Bd2 Be4 11.Qc1 Nbd7 12.Ba5 Rc8 13.Nbd2 Ba8 14.Qc2 Nb8 15.a3 Nc6
16.Bc3 a5 17.Nb3 a4 18.Nbd2 Nd5 19.Ne4 Nxc3 20.Qxc3 Nb8 21.Nc5 Bxf3 22.Bxf3 c6
23.Rac1 Qb6 24.Qe3 Rc7 25.Rc2 Na6 26.Nxe6 fxe6 27.Qxe6+ Kh8 28.Rxc6 Rxc6
29.Qxc6 Qxc6 30.Bxc6 Rb8 31.e3 g6 32.Rd1 b4 33.Bxa4 bxa3 34.bxa3 Bxa3 35.h4 Kg7
36.Bc2 Nb4 37.Be4 Rc8 38.Kg2 Rc1 39.Rxc1 Bxc1 40.Kf3 Kf6 41.Ke2 h6 42.f4 g5
43.fxg5+ hxg5 44.Kf3 gxh4  1/2-1/2

[Event "40th Ann Open"]
[Site "Curacao AHO"]
[Date "2002.11.21"]
[Round "4"]
[White "Mensing,F"]
[Black "Salman,J"]
[Result "0-1"]
[WhiteElo "2200"]
[BlackElo "2236"]

1.Nf3 Nf6 2.d4 e6 3.g3 d5 4.Bg2 Be7 5.c4 O-O 6.O-O dxc4 7.Ne5 Nc6 8.Nxc6 bxc6
9.Bxc6 Rb8 10.Na3 Qd6 11.Bg2 Qb4 12.Bd2 Qb6 13.Nxc4 Qxd4 14.Qc2 Ba6 15.b3 Nd5
16.Na5 Qc5 17.Qe4 Nb4 18.a3 Qxa5 19.axb4 Qb5 20.Rfc1 Qxe2 21.Rxc7 Qxd2 22.Rxe7 Rxb4
23.Qf3 Be2 24.Qc6 a6 25.Bh3 Qb2 26.Re1 Qd2 27.Ra1 Bb5 28.Qc7 Re4 29.Qc1 Qb4
30.Rc7 Qxb3 31.Rc8 Rc4 32.Rxf8+ Kxf8 33.Qg5 Rc8 34.Qf4 Qc4 35.Qd6+ Kg8 36.Rd1 g6
37.Qe7 Qc3 38.Qd6 Kg7 39.Qe7 Qf6 40.Qd6 Qc3 41.Bg4 Rc5 42.Qe7 Re5 43.Kg2 Re1
44.Qd8 Bf1+  0-1

[Event "TCh-BEL 2002-3"]
[Site "Belgium BEL"]
[Date "2002.11.24"]
[Round "3"]
[White "Tiggelman,R"]
[Black "Dambacher,M"]
[Result "0-1"]
[WhiteElo "2179"]
[BlackElo "2362"]

1.Nf3 Nf6 2.c4 e6 3.d4 d5 4.g3 Be7 5.Bg2 O-O 6.O-O dxc4 7.Qa4 a6 8.Qxc4 b5
9.Qc2 Bb7 10.Bf4 Nc6 11.Nbd2 Nxd4 12.Nxd4 Bxg2 13.Nxe6 fxe6 14.Kxg2 c5 15.Rfd1 Nd5
16.Nf3 Nxf4+ 17.gxf4 Qc7 18.Qe4 Qxf4 19.Qxe6+ Qf7 20.Qxf7+ Rxf7 21.a4 Rb8
22.Ne5 Rf6 23.Kf1 Re6 24.Nd3 c4 25.Nf4 Rh6 26.Nd5 Bc5 27.Kg2 Rg6+ 28.Kf1 Rh6
29.Kg2 bxa4 30.Rxa4 Rxb2 31.Rxc4 Bd6 32.Nf4 Rf6 33.e3 Bxf4 34.Rd8+ Kf7 35.Rxf4 Rxf4
36.exf4 a5 37.Ra8 Rb5 38.Ra7+ Kg6 39.Ra6+ Kf5 40.Ra7 Kxf4 41.Rxg7 Rg5+  0-1